US States with No Map - Statistics

General Stats
  • This quiz has been taken 574 times
  • The average score is 47 of 50
Answer Stats
Answer % Correct
Alaska
98%
Alabama
97%
California
97%
Arizona
96%
Arkansas
96%
Hawaii
96%
North Dakota
96%
Colorado
95%
Florida
95%
Georgia
95%
Illinois
95%
Maine
95%
New York
95%
North Carolina
95%
Oregon
95%
South Carolina
95%
South Dakota
95%
Texas
95%
Washington
95%
Connecticut
94%
Idaho
94%
Kansas
94%
Louisiana
94%
New Hampshire
94%
New Mexico
94%
Delaware
93%
Indiana
93%
Kentucky
93%
Minnesota
93%
Montana
93%
Rhode Island
93%
Iowa
92%
Maryland
92%
Massachusetts
92%
Michigan
92%
Mississippi
92%
New Jersey
92%
Ohio
92%
Utah
92%
Vermont
92%
Virginia
92%
Wyoming
92%
Missouri
91%
Nevada
91%
Oklahoma
91%
Pennsylvania
91%
West Virginia
91%
Tennessee
90%
Nebraska
89%
Wisconsin
88%
No matching quizzes found
Score Distribution
Percent of People with Each Score
Percentile by Number Answered
Your Score History
You have not taken this quiz